Loading...
| Current Events | 2 | 10.00 | 50% | 50% | 0% |
| Fine Arts - Auditory Fine Arts | 2 | 5.00 | 0% | 0% | 50% |
| Fine Arts - Other Fine Arts | 4 | 7.50 | 50% | 25% | 0% |
| Fine Arts - Visual Fine Arts | 1 | 10.00 | 100% | 0% | 0% |
| History - American History | 2 | 10.00 | 100% | 0% | 0% |
| History - European History | 3 | 16.67 | 100% | 67% | 0% |
| History - Other History | 3 | 16.67 | 100% | 67% | 0% |
| History - World History | 2 | 15.00 | 100% | 50% | 0% |
| Literature - American Literature | 5 | 0.00 | 0% | 0% | 0% |
| Literature - British Literature | 2 | 0.00 | 0% | 0% | 0% |
| Literature - European Literature | 3 | 3.33 | 33% | 0% | 0% |
| Literature - World Literature | 4 | 12.50 | 75% | 50% | 0% |
| Mythology | 2 | 10.00 | 100% | 0% | 0% |
| Other Academic | 3 | 16.67 | 100% | 67% | 0% |
| Religion | 1 | 10.00 | 100% | 0% | 0% |
| Science - Biology | 3 | 10.00 | 33% | 67% | 0% |
| Science - Chemistry | 3 | 3.33 | 0% | 33% | 0% |
| Science - Other Science | 2 | 5.00 | 50% | 0% | 0% |
| Science - Physics | 5 | 8.00 | 80% | 0% | 0% |
| Social Science | 2 | 15.00 | 100% | 50% | 0% |